[Event "Novi Sad TS Mix 236th"]
[Site "Novi Sad"]
[Date "2022.02.11"]
[Round "6.1"]
[White "Mizzi, Steve"]
[Black "Ljubisavljevic, Zivojin Z"]
[Result "1/2-1/2"]
[WhiteElo "1586"]
[BlackElo "2049"]
[PlyCount "21"]
[EventDate "2022.02.08"]
[EventType "schev"]
[EventRounds "9"]
[EventCountry "SRB"]
[SourceTitle "CBM 207 Extra"]
[Source "ChessBase"]
[SourceDate "2022.05.31"]
[SourceVersion "1"]
[SourceVersionDate "2022.05.31"]
[SourceQuality "1"]
[WhiteTeam "Team B"]
[BlackTeam "Team A"]
[WhiteTeamCountry "SRB"]
[BlackTeamCountry "SRB"]

1. d4 Nf6 2. Bf4 g6 3. e3 Bg7 4. h3 0-0 5. Be2 c5 6. c3 cxd4 7. cxd4 d6 8. Nf3 Nc6 9. Nbd2 Bf5 10. 0-0 Rc8 11. a3 1/2-1/2

[Event "Novi Sad TS 219th"]
[Site "Novi Sad"]
[Date "2021.10.26"]
[Round "3.1"]
[White "Ljubisavljevic, Zivojin Z"]
[Black "Singh, Myra"]
[Result "1/2-1/2"]
[WhiteElo "2055"]
[BlackElo "1460"]
[PlyCount "71"]
[EventDate "2021.10.25"]
[EventType "schev"]
[EventRounds "8"]
[EventCountry "SRB"]
[SourceTitle "CBM 205 Extra"]
[Source "ChessBase"]
[SourceDate "2022.01.31"]
[SourceVersion "1"]
[SourceVersionDate "2022.01.31"]
[SourceQuality "1"]
[WhiteTeam "Team A"]
[BlackTeam "Team B"]
[WhiteTeamCountry "SRB"]
[BlackTeamCountry "SRB"]

1. d4 d5 2. c3 e6 3. Bf4 Nf6 4. e3 c5 5. Bd3 Nc6 6. Nd2 Be7 7. Ngf3 0-0 8. Ne5 Nd7 9. Nxc6 bxc6 10. 0-0 f6 11. Qh5 f5 12. Nf3 Nf6 13. Qh3 c4 14. Bc2 Bd6 15. Bxd6 Qxd6 16. Ne5 Nd7 17. f4 Rf6 18. g4 Rh6 19. Qg3 Nxe5 20. fxe5 Qe7 21. gxf5 exf5 22. Kh1 Rg6 23. Qf2 Qg5 24. Rg1 Qh5 25. Raf1 Rxg1+ 26. Rxg1 Be6 27. b3 Rf8 28. Bd1 Qh6 29. Qf4 Qxf4 30. exf4 Rb8 31. b4 a6 32. Bc2 g6 33. h4 Kg7 34. Kg2 h5 35. Kf3 Rb6 36. a4 1/2-1/2

[Event "Pirot"]
[Site "Pirot"]
[Date "2020.10.31"]
[Round "2"]
[White "Risteski, Emil"]
[Black "Ljubisavljevic, Zivojin Z"]
[Result "1-0"]
[WhiteElo "2213"]
[BlackElo "2072"]
[PlyCount "103"]
[EventDate "2020.10.30"]
[EventType "tourn"]
[EventRounds "9"]
[EventCountry "SRB"]
[EventCategory "2"]
[SourceTitle "CBM 199 Extra"]
[Source "ChessBase"]
[SourceDate "2021.01.31"]
[SourceVersion "1"]
[SourceVersionDate "2021.01.31"]
[SourceQuality "1"]

1. e4 d5 2. exd5 Nf6 3. d4 Nxd5 4. Nf3 e6 5. Be2 Be7 6. 0-0 0-0 7. c4 Nf6 8. Nc3 c5 9. Bf4 cxd4 10. Nxd4 a6 11. Bf3 Qb6 12. Nb3 Nc6 13. Qe2 Bd7 14. Rfd1 Nd8 15. c5 Qa7 16. Bc7 Rc8 17. Bb6 Qb8 18. Rd2 Bc6 19. Rad1 Bxf3 20. Qxf3 Nc6 21. h3 Ne5 22. Qe2 Ng6 23. g3 Qe5 24. f4 Qxe2 25. Rxe2 Bd8 26. Na5 Bxb6 27. cxb6 Ne7 28. Na4 Nfd5 29. Nxb7 h5 30. Nbc5 h4 31. Nd7 hxg3 32. Nxf8 Kxf8 33. b7 Rb8 34. Nc5 Ke8 35. f5 Nf4 36. Red2 Ned5 37. fxe6 fxe6 38. Nxe6 Nxe6 39. Rxd5 Rxb7 40. Re5 Rb6 41. b3 Kf7 42. Kg2 Kf6 43. Ra5 Ng5 44. Kxg3 Re6 45. h4 Ne4+ 46. Kf4 Nc3 47. Rd7 g6 48. Ra7 Ne2+ 49. Kg4 Nd4 50. R7xa6 Nc6 51. Ra4 Ne5+ 52. Kg3 1-0

[Event "Belgrade ChessAmateur op 5th"]
[Site "Belgrade"]
[Date "2019.01.08"]
[Round "7"]
[White "Ljubisavljevic, Zivojin Z"]
[Black "Eric, Jovana"]
[Result "0-1"]
[WhiteElo "2089"]
[BlackElo "2234"]
[PlyCount "40"]
[EventDate "2019.01.04"]
[EventType "swiss"]
[EventRounds "9"]
[EventCountry "SRB"]
[SourceTitle "CBM 188 Extra"]
[Source "ChessBase"]
[SourceDate "2019.02.26"]
[SourceVersion "1"]
[SourceVersionDate "2019.02.26"]
[SourceQuality "1"]

1. e4 e6 2. d4 d5 3. exd5 exd5 4. Bd3 Nc6 5. c3 Bd6 6. Ne2 Bg4 7. h3 Bh5 8. Qb3 Nge7 9. Nf4 Bxf4 10. Bxf4 b6 11. 0-0 0-0 12. Nd2 Bg6 13. Qc2 Qd7 14. Rae1 Bxd3 15. Qxd3 f5 16. Qg3 Ng6 17. h4 Nd8 18. h5 Nxf4 19. Qxf4 Nc6 20. h6 g6 0-1

[Event "Belgrade ChessAmateur op 5th"]
[Site "Belgrade"]
[Date "2019.01.06"]
[Round "5"]
[White "Ljubisavljevic, Zivojin Z"]
[Black "Gharagyozyan, Artur"]
[Result "0-1"]
[WhiteElo "2089"]
[BlackElo "2253"]
[PlyCount "44"]
[EventDate "2019.01.04"]
[EventType "swiss"]
[EventRounds "9"]
[EventCountry "SRB"]
[SourceTitle "CBM 188 Extra"]
[Source "ChessBase"]
[SourceDate "2019.02.26"]
[SourceVersion "1"]
[SourceVersionDate "2019.02.26"]
[SourceQuality "1"]

1. e4 c5 2. c4 b6 3. Nc3 Bb7 4. d3 g6 5. f4 Bg7 6. Nf3 e6 7. Be2 Ne7 8. 0-0 0-0 9. Qe1 d5 10. cxd5 exd5 11. e5 Nbc6 12. g4 f6 13. Qh4 Qc7 14. exf6 Rxf6 15. Bd2 Raf8 16. Rae1 h6 17. Bd1 Rxf4 18. Bxf4 Rxf4 19. h3 Nf5 20. gxf5 Rxh4 21. Nxh4 Qg3+ 22. Ng2 Nd4 0-1

[Event "Backi Petrovac Vujovic Memorial"]
[Site "Backi Petrovac"]
[Date "2018.07.09"]
[Round "2"]
[White "Altantuya, Boldbaatar"]
[Black "Ljubisavljevic, Zivojin Z"]
[Result "1-0"]
[WhiteElo "2060"]
[BlackElo "2098"]
[PlyCount "81"]
[EventDate "2018.07.08"]
[EventType "swiss"]
[EventRounds "9"]
[EventCountry "SRB"]
[SourceTitle "EXT 2019"]
[Source "ChessBase"]
[SourceDate "2018.10.10"]
[SourceVersion "1"]
[SourceVersionDate "2018.10.10"]
[SourceQuality "1"]

1. d4 d5 2. c4 e6 3. Nf3 c6 4. e3 f5 5. Nc3 Nf6 6. g3 Bd6 7. Bg2 0-0 8. 0-0 Nbd7 9. Qc2 Ne4 10. b3 Qf6 11. Bb2 Qh6 12. a3 Ndf6 13. Ne2 Bd7 14. Ne5 Be8 15. Nf4 Nd7 16. h4 g5 17. hxg5 Nxg5 18. f3 Nf7 19. Nxd7 Bxd7 20. Kf2 e5 21. dxe5 Bxe5 22. cxd5 cxd5 23. Rh1 Qd6 24. Rad1 Rac8 25. Qd2 Bxb2 26. Qxb2 Qe5 27. Qxe5 Rc2+ 28. Ne2 Nxe5 29. Rxd5 Re8 30. Rhd1 Bc6 31. R5d2 Rxd2 32. Rxd2 Bb5 33. Nd4 Nd3+ 34. Kg1 Ba6 35. Nxf5 Re5 36. e4 Rc5 37. f4 Rc3 38. e5 Kf8 39. e6 Rxb3 40. e7+ Ke8 41. Re2 1-0

[Event "Skopje U2200 op"]
[Site "Skopje"]
[Date "2017.12.07"]
[Round "1"]
[White "Ajrula, Adnan"]
[Black "Ljubisavljevic, Zivojin Z"]
[Result "1/2-1/2"]
[WhiteElo "1865"]
[BlackElo "2115"]
[PlyCount "40"]
[EventDate "2017.12.07"]
[EventType "swiss"]
[EventRounds "7"]
[EventCountry "MKD"]
[SourceTitle "CBM 182 Extra"]
[Source "ChessBase"]
[SourceDate "2018.02.23"]
[SourceVersion "1"]
[SourceVersionDate "2018.02.23"]
[SourceQuality "1"]

1. d4 d5 2. Nf3 c6 3. Bf4 Qb6 4. b3 Nf6 5. Nbd2 Bf5 6. c3 e6 7. Nh4 Bg6 8. Nxg6 hxg6 9. Qc2 c5 10. e3 Bd6 11. Bxd6 Qxd6 12. h3 Nc6 13. Bb5 Rc8 14. Nf3 cxd4 15. Nxd4 Ne4 16. Nxc6 bxc6 17. Bd3 f5 18. Bxe4 fxe4 19. Rd1 Qc5 20. 0-0 0-0 1/2-1/2

[Event "Vojvodina-chT"]
[Site "Novi Sad"]
[Date "2017.11.17"]
[Round "6.4"]
[White "Ljubisavljevic, Zivojin Z"]
[Black "Krstic, Petar"]
[Result "0-1"]
[WhiteElo "2129"]
[BlackElo "2324"]
[PlyCount "98"]
[EventDate "2017.11.13"]
[EventType "team-tourn"]
[EventRounds "11"]
[EventCountry "SRB"]
[SourceTitle "CBM 181 Extra"]
[Source "ChessBase"]
[SourceDate "2017.12.12"]
[SourceVersion "1"]
[SourceVersionDate "2017.12.12"]
[SourceQuality "1"]
[WhiteTeam "Indija Sloga"]
[BlackTeam "Subotica Spartak"]
[WhiteTeamCountry "SRB"]
[BlackTeamCountry "SRB"]

1. d4 Nf6 2. c3 b6 3. Bg5 e6 4. Nf3 Bb7 5. g3 Bxf3 6. exf3 h6 7. Bxf6 Qxf6 8. f4 g6 9. Bg2 d5 10. 0-0 Bg7 11. a4 0-0 12. a5 Nc6 13. axb6 axb6 14. Nd2 Na5 15. Qa4 Qd8 16. b4 Nb7 17. Qc6 Nd6 18. Rfc1 Rc8 19. Bf1 Qe8 20. Qxe8 Rfxe8 21. Ba6 g5 22. fxg5 hxg5 23. Bd3 g4 24. f4 gxf3 25. Nxf3 Bh6 26. Re1 f5 27. Re2 Kf7 28. Ne5+ Kf6 29. Nd7+ Ke7 30. Ne5 Ra8 31. Raa2 Bg7 32. Ng6+ Kd7 33. Nf4 Ne4 34. Bxe4 fxe4 35. Kg2 Kd6 36. Nh5 Bh8 37. g4 c5 38. bxc5+ bxc5 39. g5 cxd4 40. cxd4 Bxd4 41. h4 Ke5 42. Kh3 Kf5 43. Rf2+ Bxf2 44. Rxf2+ Ke5 45. Nf6 e3 46. Re2 Kf4 47. Nxe8 Rxe8 48. g6 d4 49. Rg2 d3 0-1

[Event "Vojvodina-chT"]
[Site "Kac"]
[Date "2016.11.17"]
[Round "4.5"]
[White "Ljubisavljevic, Zivojin Z"]
[Black "Kostic, Filip"]
[Result "1-0"]
[WhiteElo "2125"]
[BlackElo "2185"]
[PlyCount "71"]
[EventDate "2016.11.15"]
[EventType "team-tourn"]
[EventRounds "11"]
[EventCountry "SRB"]
[SourceTitle "CBM 175 Extra"]
[Source "ChessBase"]
[SourceDate "2016.12.12"]
[SourceVersion "1"]
[SourceVersionDate "2016.12.12"]
[SourceQuality "1"]
[WhiteTeam "Sloga"]
[BlackTeam "Kraljica PTT"]
[WhiteTeamCountry "SRB"]
[BlackTeamCountry "SRB"]

1. c4 e6 2. g3 d5 3. Bg2 Nf6 4. Nf3 dxc4 5. Qa4+ Nbd7 6. 0-0 a6 7. Qxc4 b5 8. Qc2 Bb7 9. d3 Be7 10. a4 b4 11. Nbd2 0-0 12. Nc4 a5 13. b3 Nd5 14. Bb2 Bf6 15. d4 c5 16. e4 N5b6 17. Nd6 Ba6 18. Rfd1 cxd4 19. Bxd4 Bxd4 20. Nxd4 Ne5 21. Nc6 Qc7 22. Nd4 Qxc2 23. Nxc2 Rfd8 24. f4 Nd3 25. e5 Nd5 26. Bxd5 exd5 27. Nd4 f6 28. Ne6 Rd7 29. Rxd3 Bxd3 30. Nc5 Rc7 31. Nxd3 Rc3 32. Rd1 fxe5 33. fxe5 Rxb3 34. e6 Rb8 35. Nb5 Re8 36. Nf4 1-0

[Event "Terre degli Elimi op 7th"]
[Site "Erice"]
[Date "2016.08.02"]
[Round "7"]
[White "Ljubisavljevic, Zivojin Z"]
[Black "Both, Bert"]
[Result "1-0"]
[WhiteElo "2136"]
[BlackElo "2189"]
[PlyCount "81"]
[EventDate "2016.07.28"]
[EventType "swiss"]
[EventRounds "9"]
[EventCountry "ITA"]
[SourceTitle "EXT 2017"]
[Source "ChessBase"]
[SourceDate "2016.10.25"]
[SourceVersion "1"]
[SourceVersionDate "2016.10.25"]
[SourceQuality "1"]

1. c4 Nf6 2. Nc3 e6 3. e4 d5 4. cxd5 exd5 5. e5 d4 6. exf6 dxc3 7. dxc3 Qxf6 8. Nf3 Bd6 9. Bg5 Qg6 10. Bd3 Bf5 11. Qe2+ Kf8 12. 0-0-0 Nc6 13. Rhe1 h6 14. Bh4 Kg8 15. Bg3 Bxg3 16. hxg3 Kh7 17. Nh4 Bxd3 18. Rxd3 Qf6 19. Rf3 Qg5+ 20. Kc2 Qd5 21. Rd1 Qe6 22. Qxe6 fxe6 23. Rf7 Rhf8 24. Rdd7 Rxf7 25. Rxf7 Rc8 26. f4 Kg8 27. Rd7 Nb8 28. Re7 Nc6 29. Rxe6 Kf7 30. Re2 Kf6 31. b4 a6 32. a4 Rd8 33. Nf3 g5 34. b5 axb5 35. axb5 Na5 36. Nd4 Rd6 37. Re5 Nc4 38. Rf5+ Ke7 39. Rc5 Ne3+ 40. Kb3 c6 41. bxc6 1-0